| 000 | 00456cam a2200169ua 4500 | ||
|---|---|---|---|
| 020 | _a0-85066-192-7 | ||
| 041 |
_aeng _h |
||
| 082 |
_a620.82 _bGRA/FI |
||
| 100 | _aGrandjean, E . | ||
| 245 |
_aFitting the task to the man: An ergonomic approach / _cE Grandjean. _hTextual Documents |
||
| 260 |
_aLondon : _bTaylor & Francis , _c1986. |
||
| 300 | _a379 ; . | ||
| 504 | _a | ||
| 650 | _aHuman Factors- Engineering | ||
| 942 | _cBK | ||
| 999 |
_c11129 _d11129 |
||